000 00635nam a2200217Ia 4500
003 GCL
005 20240530103514.0
008 140319s9999 xx 000 0 ara d
040 _aGCL /
_cGCL
082 0 4 _a347.02
_bم م
100 1 _aمعوض عبدالتواب
245 1 0 _aمدونة القانون المدنى /
_cمعوض عبدالتواب
260 _a[S.N] :
_bمنشاة المعارف الاسلامية ،
_c1987
300 _a1279 ص
650 0 4 _aمصر
650 0 4 _aالادارة
650 0 4 _aالقانون المدنى
650 0 4 _aالالتزامات
650 0 4 _aالعقود
942 _2ddc
_cBK
999 _c40067
_d40067